Sports Quiz

Random Sports or Baseball Quiz

MLB 3-Decade All-Stars Quiz Stats

 Plays Quiz Updated Aug 6, 2018

Also try: MLB All Star MVPs
Challenge
Share
Tweet
Embed
Score 0/47 Timer 07:00
1 Play Today
Primary Team Player % Correct
Atlanta BravesHank Aaron
91.1%
New York YankeesDerek Jeter
85.6%
Atlanta BravesChipper Jones
80.7%
San Francisco GiantsWillie Mays
76.6%
Cincinnati RedsPete Rose
76.5%
Baltimore OriolesCal Ripken Jr.
75.2%
Boston Red SoxTed Williams
73.6%
Cincinnati RedsJohnny Bench
70.8%
New York YankeesJoe DiMaggio
70%
Oakland AthleticsReggie Jackson
67.2%
St. Louis CardinalsStan Musial
66.8%
Boston Red SoxCarl Yastrzemski
65.1%
Atlanta BravesGreg Maddux
65%
Boston Red SoxRoger Clemens
64.2%
Minnesota TwinsHarmon Killebrew
62.7%
New York YankeesYogi Berra
62%
New York YankeesAlex Rodriguez
61.8%
Oakland AthleticsMark McGwire
58.2%
Montreal ExposVladimir Guerrero
58%
Detroit TigersAl Kaline
52.3%
Cincinnati RedsBarry Larkin
52.2%
New York YankeesMariano Rivera
52.1%
Cincinnati RedsFrank Robinson
51.6%
Atlanta BravesJohn Smoltz
51%
Primary Team Player % Correct
Chicago White SoxTommy John
50.4%
Minnesota TwinsRod Carew
49.4%
New York MetsTom Seaver
47.3%
Philadelphia PhilliesSteve Carlton
46.7%
Baltimore OriolesEddie Murray
46.6%
Chicago White SoxCarlton Fisk
42.5%
Cleveland IndiansBob Feller
39.6%
Boston Red SoxReggie Smith
37.2%
Chicago White SoxLuis Aparicio
33.2%
Milwaukee BravesWarren Spahn
31.5%
Oakland AthleticsDennis Eckersley
30.7%
New York YankeesAndy Pettitte
30.6%
Philadelphia PhilliesRichie Ashburn
29.5%
Atlanta BravesPhil Niekro
29.2%
Pittsburgh PiratesDave Parker
28.1%
Houston AstrosBilly Wagner
15%
Cleveland IndiansBartolo Colon
14.5%
Anaheim AngelsChuck Finley
13.8%
St. Louis CardinalsJohnny Mize
12.4%
Cleveland IndiansEarly Wynn
10.7%
Montreal ExposAndres Galarraga
9.6%
Chicago White SoxHoyt Wilhelm
6.9%
San Diego PadresBenito Santiago
5.2%

You're not logged in!

Compare scores with friends on all Sporcle quizzes.
OR
Log In

You Might Also Like...

Show Comments

Extras

Top Quizzes Today


Score Distribution

Your Account Isn't Verified!

In order to create a playlist on Sporcle, you need to verify the email address you used during registration. Go to your Sporcle Settings to finish the process.

Report this User

Report this user for behavior that violates our Community Guidelines.

Details: